000 01309cam a2200289 a 4500
001 4509561
003 ARRUPE
005 20130925122135.0
008 981120s1999 nyu 000 0 eng
010 _a 98054133
020 _a0195131614 (alk. paper)
040 _aDLC
_cDLC
_dDLC
050 0 0 _aBX1751.2
_b.C3466 1999
100 1 _aTaylor, Charles,
_d1931-
_91239
245 1 2 _aA Catholic modernity? :
_bCharles Taylor's Marianist Award lecture, with responses by William M. Shea, Rosemary Luling Haughton, George Marsden, and Jean Bethke Elshtain /
_cedited by James L. Heft.
260 _aNew York :
_bOxford University Press,
_c1999.
300 _aix, 130 p. ;
_c22 cm.
610 2 0 _aCatholic Church
_xDoctrines.
_91240
650 0 _aCivilization, Modern.
_91241
700 1 _aHeft, James.
_91242
856 4 2 _3Publisher description
_uhttp://www.loc.gov/catdir/enhancements/fy0605/98054133-d.html
856 4 1 _3Table of contents only
_uhttp://www.loc.gov/catdir/enhancements/fy0605/98054133-t.html
906 _a7
_bcbc
_corignew
_d1
_eocip
_f19
_gy-gencatlg
942 _2lcc
_cMONOGRAPH
999 _c118039
_d118039